LEADER 01443nam a2200241 i 4500 001 000000004112 003 CaOOAMICUS 005 20230330142705.0 008 180830s16921696fr u000 u fre u 040 $aSeMil$bita 100 1 $aMolière,$d<1622-1673>.$0(OLS)http://semarc/name/2711 245 14$aLes oeuvres de Monsieur de Molière, revués et corrigées et augmentées du Medecin vangé, & des Epitaphes les plus curieux sur sa mort. Enrichies de figures en taille-douce à chaque piece. Tome 1. [-8.]. 260 $aA Lyon :$bChez Jacques Lyons, Libraire, ruë Mercière, au Bon Pasteur,$c1692-1696. 300 $a8 v. ;$c12°. 650 4$aMolière - Opere.$0(OLS)http://semarc/subject/765 700 1 $aLyons, Jacques,$c.$0(OLS)http://semarc/name/2712 774 0 $tTome 2.$g2$w()250776 774 0 $tTome 4.$g4$w()250750 774 0 $tTome 7.$g7$w()250751 774 0 $tOeuvres posthumes de Monsieur de Moliere. Tome 8. Enrichies de figures en taille-douche.$g8$w()250752 996 $6245$aLes oeuvres de Monsieur de Molière, revués et corrigées et augmentées du Medecin vangé, & des Epitaphes les plus curieux sur sa mort. Enrichies de figures en taille-douce à chaque piece. Tome 1. [-8.]$9(OLS)http://semarc/title/6176 996 $6260$aA Lyon :$bChez Jacques Lyons, Libraire, ruë Mercière, au Bon Pasteur$9(OLS)http://semarc/publisher/31242 LEADER 00898nam a2200217 i 4500 001 000000190124 003 CaOOAMICUS 005 20100529000000.0 008 100529s1959 it u000 u ita u 013 $a168477 040 $aSeMil$bita 100 1 $aTrouncer, Margaret.$0(OLS)http://semarc/name/69543 240 14$aThe nun.$0(OLS)http://semarc/title/273883 245 12$aL'amante di Dio :$bMargherita Maria Alacoque /$cMargaret Trouncer. 260 $aMilano :$bCino del Duca,$cstampa 1959. 300 $a395 p. ;$c21 cm. 600 14$aAlacoque, Margherita Maria .$0(OLS)http://semarc/subject/1509 850 $aSeMil 852 $aSeMil$W1$xVenegono$y1$m3H I 290$j140753$B140753$CSeMilBibl$Z2$F152321 $81 996 $6245$aL'amante di Dio :$bMargherita Maria Alacoque$9(OLS)http://semarc/title/273882 996 $6260$aMilano :$bCino del Duca$9(OLS)http://semarc/publisher/41274 LEADER 01043nam a2200217 i 4500 001 000000205525 003 CaOOAMICUS 005 20110824000000.0 008 110824s1916 it u000 u fre u 013 $a184262 040 $aSeMil$bita 100 1 $aDelbant, Paul.$0(OLS)http://semarc/name/73969 245 10$aMorts et immortels :$bconsolations a ceux qui pleurent. A travers les champs de bataille /$cabbé Paul Delbant ; avec une lettre de S. G. Mgr l'Évêque de Versailles. 260 $aParis :$bTéqui,$c1916. 300 $aXXIII, 185 p. ;$c19 cm. 650 4$aGuerra mondiale <1914-1918> - Francia.$0(OLS)http://semarc/subject/38087 700 1 $aGibier, Charles .$0(OLS)http://semarc/name/6060 850 $aSeMil 852 $aSeMil$W1$xVenegono$y1$m3U II 20$j156019$B156019$CSeMilBibl$Z2$F167369 $81 996 $6245$aMorts et immortels :$bconsolations a ceux qui pleurent. A travers les champs de bataille$9(OLS)http://semarc/title/297470 996 $6260$aParis :$bTéqui$9(OLS)http://semarc/publisher/30134 LEADER 01387nam a2200325 i 4500 001 000000113058 003 CaOOAMICUS 005 20080812000000.0 008 080812s1983 it u000 u ita u 013 $a85742 020 $a88-7001-118-6 040 $aSeMil$bita 100 1 $aBergson, Henri,$d<1859-1941>.$0(OLS)http://semarc/name/24632 240 10$aMatière et mémoire.$0(OLS)http://semarc/title/164984 245 10$aMateria e memoria /$cHenri Bergson ; [traduz. e introd. di Adriano Pessina]. 260 $aReggio Emilia :$bCittà Armoniosa,$cc1982 (stampa 1983) 300 $a244 p. :$b[1] ritr. ;$c21 cm. 490 0 $aEx Libris ;$v11 500 $aFondo Card. C.M. Martini. 650 4$aMente e corpo - Aspetti filosofici.$0(OLS)http://semarc/subject/18712 650 4$aBergson, Henri <1859-1941> - Opere.$0(OLS)http://semarc/subject/10322 700 1 $aPessina, Adriano.$0(OLS)http://semarc/name/16012 830 0$aEx libris ;$v11.$0(OLS)http://semarc/title/7595 850 $aSeMil 852 $aSeMil$W1$xVenegono$y1$m2P II 158$j68773$B68773$CSeMilBibl$Z2$F98331 $81 941 1 $a4 961 $aOmaggio: Martini Card. Carlo Maria 996 $6020$a88-7001-118-6$9(OLS)http://semarc/number/95869 996 $6245$aMateria e memoria$9(OLS)http://semarc/title/164983 996 $6260$aReggio Emilia :$bCittà Armoniosa$9(OLS)http://semarc/publisher/31502